000 00671nam a22001697a 4500
008 201112b ||||| |||| 00| 0 eng d
020 _a9780801048562
050 _aBX9941.3
_b.M33 2018
100 _a McClymond, Michael James, 1958- author.
245 _aThe devil's redemption :
_ba new history and interpretation of Christian universalism /
_cMichael J. McClymond.
260 _aGrand Rapids, Michigan :
_bBaker Academic, a division of Baker Publishing Group,
_c2018
300 _a (xxiv, 1325 pages) ;
_b24 cm
500 _aIncludes bibliographical references and index.
650 _aUniversalism.
650 _a Salvation
_xChristianity.
942 _2lcc
_cBK
999 _c55545
_d55545